Library Banner

Governmentality (Record no. 49589)

MARC details
000 -LEADER
fixed length control field 00584nam a2200205Ia 4500
001 - CONTROL NUMBER
control field 52123
008 - FIXED-LENGTH DATA ELEMENTS--GENERAL INFORMATION
fixed length control field 140503s9999 xx 000 0 und d
020 ## - INTERNATIONAL STANDARD BOOK NUMBER
International Standard Book Number 9780415999205
040 ## - CATALOGING SOURCE
Transcribing agency PK-LaUMT
082 ## - DEWEY DECIMAL CLASSIFICATION NUMBER
Classification number R 320.01
Item number GOV-
100 ## - MAIN ENTRY--PERSONAL NAME
Personal name Brockling, Ulrich
245 ## - TITLE STATEMENT
Title Governmentality
Remainder of title current issues and future challenges
Statement of responsibility, etc Brockling, Ulrich<>Krasmann, Susanne<>Lemke, Thomas
260 ## - PUBLICATION, DISTRIBUTION, ETC. (IMPRINT)
Place of publication, distribution, etc London,UK:
Name of publisher, distributor, etc Routledge,
Date of publication, distribution, etc 2011
300 ## - PHYSICAL DESCRIPTION
Extent 331 p.
546 ## - LANGUAGE NOTE
Language note EN
650 ## - SUBJECT ADDED ENTRY--TOPICAL TERM
Topical term or geographic name as entry element Political science-Philosophy
700 ## - ADDED ENTRY--PERSONAL NAME
Personal name Krasmann, Susanne
700 ## - ADDED ENTRY--PERSONAL NAME
Personal name Lemke, Thomas
942 ## - ADDED ENTRY ELEMENTS (KOHA)
Koha item type Books
Holdings
Withdrawn status Lost status Damaged status Not for loan Home library Current library Date acquired Total Checkouts Full call number Barcode Date last seen Price effective from Koha item type
        UMT Main Campus UMT Main Campus 2014-05-03   R 320.01 GOV- 62104 2014-05-08 2014-05-08 Books